LIBRARY & INFORMATION CENTRE, KCAET, TAVANUR

ONLINE PUBLIC ACCESS CATALOGUE (OPAC)

Polarized light: Production and use / (Record no. 10536)

MARC details
000 -LEADER
fixed length control field 00430cam a2200157ua 4500
041 ## - LANGUAGE CODE
Language code of text/sound track or separate title eng
082 ## - DEWEY DECIMAL CLASSIFICATION NUMBER
Classification number 535.52
Item number SHU/PO
100 ## - MAIN ENTRY--AUTHOR NAME
Personal name Shureliff, William A .
245 ## - TITLE STATEMENT
Title Polarized light: Production and use /
250 ## - EDITION STATEMENT
Edition statement 1 /
260 ## - PUBLICATION, DISTRIBUTION, ETC. (IMPRINT)
Place of publication Cambridge :
Name of publisher Harvard university press ,
Year of publication 1962.
300 ## - PHYSICAL DESCRIPTION
Number of Pages 207 :
Other physical details 506 ; .
942 ## - ADDED ENTRY ELEMENTS (KOHA)
Koha item type Books
Holdings
Withdrawn status Lost status Damaged status Home library Current library Date acquired Full call number Accession Number Koha item type
      KAUAET KAUAET 07/04/2012 535.52 SHU/PO 11848 Books
free website counter